Language Quiz

Random Language Quiz

Gre vocab 4 Quiz Stats

 Plays Quiz not verified by Sporcle

Score 0/25 Timer 15:00
0 Plays Today
% Correct
tyro
100%
ossify
94.1%
puerile
88.2%
histronic
88.2%
ebullient
88.2%
inundate
88.2%
placid
82.4%
complaisant
82.4%
avarice
82.4%
admonish
82.4%
unseemly
82.4%
obstreperous
82.4%
evanescent
76.5%
% Correct
inviolable
70.6%
buttress
70.6%
corollary
70.6%
loath
64.7%
chagrin
64.7%
subtlety
64.7%
maxim
64.7%
boon
58.8%
antic
52.9%
artiface
52.9%
oficious
52.9%
proscribe
52.9%

You're not logged in!

Compare scores with friends on all Sporcle quizzes.
OR
Log In

Sporcle TV

Today on Sporcle TV


Watch our educational content, quiz creation guides, and fun videos on Sporcle TV.

Show Comments

Extras

Created Sep 4, 2019ReportNominate
Tags:gre

Top Quizzes Today


Score Distribution

Your Account Isn't Verified!

In order to create a playlist on Sporcle, you need to verify the email address you used during registration. Go to your Sporcle Settings to finish the process.

Report this User

Report this user for behavior that violates our Community Guidelines.

Details: